000 00469nam a2200145Ia 4500
008 090122s9999 xx 000 0 und d
082 _b2325
_aP155
100 _aकाळे
_bवि
_cवि
245 _aमराठी साहित्य दर्शन
600 _aकाळे
630 _aमराठी साहित्य दर्शन
700 _aकाळे
730 _aमराठी साहित्य दर्शन
942 _cBOOK
999 _c26403
_d26403